| 000 | 01033nam a22003257a 4500 | ||
|---|---|---|---|
| 003 | CHAP | ||
| 005 | 20220329140619.0 | ||
| 008 | 971013s1975 r 00010 d | ||
| 010 | _a54759 | ||
| 011 | _a55731 | ||
| 035 | _a59883 | ||
| 040 | _cCHAP | ||
| 090 | _aFolleto 4982y | ||
| 100 | 0 | 0 |
_aWilliams, J. _9122062 |
| 245 | 1 | _aTransformadas de Laplace | |
| 260 |
_aMéxico, D.F. : _bLimusa, _c1975 |
||
| 300 | _a116 p. | ||
| 490 | _aSelección de problemas resueltos | ||
| 590 |
_aBATCH-UPD _b10 _c20130110 _lUCH01 _h0221 |
||
| 590 |
_aBATCH-UPD _b10 _c20130110 _lUCH01 _h2333 |
||
| 590 |
_aBATCH-UPD _b10 _c20130410 _lUCH01 _h1623 |
||
| 590 |
_aBATCH-UPD _b10 _c20130914 _lUCH01 _h2051 |
||
| 590 |
_aCONVERSION _b10 _c20130109 _lUCH01 _h1330 |
||
| 650 | 1 | 4 |
_aTransformaciones de Laplace. _9114622 |
| 830 | 0 |
_aSelección de problemas resueltos _9103778 |
|
| 901 | _aBK | ||
| 942 | _cFOLL | ||
| 949 |
_aFolleto 4982y _bBC _cFOLL _d-129323 _eTS1 _i59883 _si _t42.00 |
||
| 949 |
_aFolleto 4982y _bBC _cFOLL _d-129324 _eTS2 _fc.2 _i59883 _si _t42.00 |
||
| 999 |
_c54759 _d54759 |
||